Trái tim của tâm hồn = The heart of the soul
Trái tim của tâm hồn là một cuốn sách đặc biệt giúp bạn nhận biết và khám phá tận cùng cảm xúc và nội tâm của chính mình.
Bewaard in:
| Hoofdauteur: | |
|---|---|
| Formaat: | Boek |
| Taal: | Undetermined |
| Gepubliceerd in: |
Thành phố Hồ Chí Minh
Trẻ
2012
|
| Onderwerpen: | |
| Tags: |
Voeg label toe
Geen labels, Wees de eerste die dit record labelt!
|
| Thư viện lưu trữ: | Trung tâm Học liệu Trường Đại học Cần Thơ |
|---|
| LEADER | 00800nam a2200217Ia 4500 | ||
|---|---|---|---|
| 001 | CTU_106499 | ||
| 008 | 210402s9999 xx 000 0 und d | ||
| 020 | |c 46000 | ||
| 082 | |a 152.4 | ||
| 082 | |b Z93 | ||
| 100 | |a Zukav, Gary | ||
| 245 | 0 | |a Trái tim của tâm hồn = | |
| 245 | 4 | |b The heart of the soul | |
| 245 | 0 | |c Gary Zukav, Linda Francis ; Ban biên dịch First News | |
| 260 | |a Thành phố Hồ Chí Minh | ||
| 260 | |b Trẻ | ||
| 260 | |c 2012 | ||
| 520 | |a Trái tim của tâm hồn là một cuốn sách đặc biệt giúp bạn nhận biết và khám phá tận cùng cảm xúc và nội tâm của chính mình. | ||
| 650 | |a Emotions,Cảm xúc | ||
| 910 | |a Hải | ||
| 980 | |a Trung tâm Học liệu Trường Đại học Cần Thơ | ||